00649cam a2200229 a 450000500170000000800410001701000290005802000260008703500270011303700130014003700120015304000130016508200110017810000200018924500620020926000360027127000810030730000220038865000030041065100030041370000030041620031230185550.0940308s1993 enkab b 001 0 eng  aENG-101638 B-425212-224 c199.00a9788184001051 aEN-85171 B-425212-224 bDBAD/PUB bRBC/VEN adplbEng a613.251 aDiwekar, Rujuta10aDon't lose your mind lose your weight/cby Rujuta Diwekar aNoidabRandom House Indiac2009 aMind Mill Corporate Tower, 2nd Floor, Plot No 24A Sector 16A,bNoidae201301 a279p.c20cm (pbk) 0